Statistics for Stacy's Mom Lyrics

Click here to take the quiz!

General Stats

  • This quiz has been taken 808 times
  • The average score is 21 of 23

Answer Stats

Answer% Correct
She's all I {want} and I've waited for so long
99%
Stacy, can I come over after {school}?
99%
Stacy's mom has got it {goin'} on
99%
We can hang around by the {pool}
99%
Stacy, can't you see you're just not the {girl} for me
98%
{Stacy's} mom has got it goin' on
98%
You know, I'm not the little {boy} that I used to be
98%
I know it might be {wrong} but I'm in love with Stacy's mom
97%
I'm in {love} with
96%
I'm in love {with} Stacy's mom
96%
Stacy can't you {see} your just not the girl for me
96%
Stacy's {mom} has got it goin' on
96%
And the way she said, "You missed a {spot} over there"
95%
She's all I want and I've {waited} for so long
95%
Stacy, do you {remember} when I mowed your lawn?
95%
I know it {might} be wrong but oh oh
94%
Did your mom get back from her {business} trip?
90%
Your mom came out with just a {towel} on
90%
Is she there, or is she trying to give me the {slip}?
88%
I could tell she liked me from the way she {stared}
87%
I'm all grown up now, {baby} can't you see
83%
But since your dad {walked} {out}, your mom could use a guy like me
67%
And I know that you think it's just a {fantasy}
64%

Score Distribution

Percentile by Number Answered

Percent of People with Each Score

Your Score History

You have not taken this quiz